La Nao de Mataró, reproducida / Luis Soler Fonrodona
Publicado:
San Jorge, núm. 76 ( 4t trimestre 1969), pàg 62 :
MARC
| LEADER | 00000nam a2200000Ia 4500 | ||
|---|---|---|---|
| 001 | |||
| 008 | 160829s9999 xx 000 0 cat d | ||
| 100 | |a Soler i Fonrodona, Lluís |9 40203 | ||
| 245 | |a La Nao de Mataró, reproducida / Luis Soler Fonrodona | ||
| 260 | |a San Jorge, núm. 76 ( 4t trimestre 1969), pàg 62 | ||
| 610 | 2 | 0 | |a Santa Maria del Mar (Església : Barcelona, Catalunya) |9 56266 |
| 610 | 2 | 0 | |a Coca de Mataró en l'art |9 56499 |
| 650 | |a Vaixells |x Mataró |9 41841 | ||
| 901 | |a Arxiu | ||
| 942 | |n 1 | ||
| 952 | |0 0 |1 0 |4 0 |7 1 |9 49693 |a Arxiu |b Arxiu |d 2016-12-01 |l 0 |r 2016-12-01 00:00:00 |w 2016-12-01 |y ARXIU | ||
| 999 | |c 53535 |d 53535 | ||